| 000 | 01030nam a2200301 i 4500 | ||
|---|---|---|---|
| 999 |
_c200442252 _d60464 |
||
| 001 | 200442252 | ||
| 003 | TR-AnTOB | ||
| 005 | 20230221165441.0 | ||
| 007 | ta | ||
| 008 | 210726s1969 tu 100 0 tur d | ||
| 035 | _a(TR-AnTOB)200442252 | ||
| 040 |
_aTR-AnTOB _beng _erda _cTR-AnTOB |
||
| 041 | 0 | _atur | |
| 050 | 4 |
_aHD73 _b.T45 1969 |
|
| 090 |
_aHD73 _b.T45 1969 |
||
| 111 | 2 |
_aTeknoloji ve İktisadi Kalkınma _d(1969 : _cİstanbul) _9131646 |
|
| 245 | 1 | 0 |
_aTeknoloji ve iktisadi kalkınma : _bmilletlerarası seminer : İstanbul, 5-8 Mayıs 1969 : [tebliğler] / _cİktisadi Araştırmalar Vakfı. |
| 264 | 1 |
_aİstanbul : _bİktisadi Araştırmalar Vakfı, _c1969. |
|
| 300 |
_a150 pages ; _c32 cm |
||
| 336 |
_atext _btxt _2rdacontent |
||
| 337 |
_aunmediated _bn _2rdamedia |
||
| 338 |
_avolume _bnc _2rdacarrier |
||
| 650 | 7 |
_aEkonomik kalkınma _vKongreler _2etuturkob _994256 |
|
| 710 | 2 |
_aİktisadi Araştırmalar Vakfı (Turkey) _927529 |
|
| 942 |
_2lcc _cBK |
||